| 000 | 00413cam a2200145 4500500 | ||
|---|---|---|---|
| 005 | 20251012032549.0 | ||
| 041 | _afre | ||
| 042 | _adc | ||
| 100 | 1 | 0 |
_aRamón Jiménez, Juan _eauthor |
| 245 | 0 | 0 | _aNocturno |
| 260 | _c2005. | ||
| 500 | _a3 | ||
| 786 | 0 | _nSigila | 15 | 1 | 2005-06-20 | p. 222-222 | 1286-1715 | |
| 856 | 4 | 1 | _uhttps://shs.cairn.info/revue-sigila-2005-1-page-222?lang=fr&redirect-ssocas=7080 |
| 999 |
_c1547634 _d1547634 |
||